00568nam a2200217Ia 4500008004100000020001500041020002200056041000800078082001800086100002000104245005200124250000800176260003800184300000800222365001300230650002800243700001800271700002000289700002000309700002100329140306s9999 xx 000 0 und d a8131509036 a978-81-315-0903-6 aeng a658.7bCOY/LO aBardi, Edward J aA Logistics Approach to Supply chain Management a1st aNew DelhibCengage Learningc2009 a513 bRs.399/- aLogistic in the Economy aCoyle, John J aGibson, Brian J aLangley, John C aNovack, Robert A